[Event "Niedersachsen-ch 2020"]
[Site "Verden-Aller"]
[Date "2020.01.02"]
[Round "1.8"]
[White "Mueer, Sebastian"]
[Black "Bertram, Karsten"]
[Result "1-0"]
[WhiteElo "2223"]
[BlackElo "2058"]
[Annotator "ChessBase"]
[PlyCount "69"]
[EventDate "2020.01.02"]
[EventType "swiss"]
[EventCountry "GER"]
[SourceTitle "playchess.com"]
[Source "ChessBase"]
[SourceQuality "1"]
[TimeControl "40/5400+30:1800+30"]

1. e4 {[%emt 0:00:00]} c5 {[%emt 0:00:20]} 2. c3 {[%emt 0:00:24]} d5 {[%emt 0:00:10]} 3. exd5 {[%emt 0:00:09]} Qxd5 {[%emt 0:00:01]} 4. Nf3 {[%emt 0:01:32]} Nc6 {[%emt 0:06:55]} 5. Na3 {[%emt 0:11:03]} Bg4 {[%emt 0:09:26]} 6. Be2 {[%emt 0:01:01]} e5 {[%emt 0:33:48]} 7. d3 {[%emt 0:01:10]} Bf5 {[%emt 0:10:52]} 8. Nc4 {[%emt 0:02:32]} Bg6 {[%emt 0:01:43]} 9. Qa4 {[%emt 0:15:07]} O-O-O {[%emt 0:13:45]} 10. Be3 {[%emt 0:05:31]} Kb8 {[%emt 0:03:52]} 11. Ncxe5 {[%emt 0:06:39]} Nxe5 {[%emt 0:01:52]} 12. Nxe5 {[%emt 0:00:02]} Bd6 {[%emt 0:00:34]} 13. Nf3 {[%emt 0:19:00]} Nf6 {[%emt 0:03:03]} 14. O-O {[%emt 0:02:36]} Rhe8 {[%emt 0:01:58]} 15. b4 {[%emt 0:00:41]} Ng4 {[%emt 0:00:21]} 16. Bg5 {[%emt 0:17:00]} f6 {[%emt 0:04:24]} 17. bxc5 {[%emt 0:00:02]} Rxe2 {[%emt 0:01:59]} 18. cxd6 {[%emt 0:02:07]} fxg5 {[%emt 0:00:34]} 19. Qxg4 {[%emt 0:00:46]} Rxd6 {[%emt 0:02:16]} 20. Nxg5 {[%emt 0:06:52]} Qxd3 {[%emt 0:00:53]} 21. Qf4 {[%emt 0:01:08]} Ka8 {[%emt 0:01:08]} 22. Qf8+ {[%emt 0:01:14]} Re8 {[%emt 0:00:24]} 23. Qxg7 {[%emt 0:00:33]} Rd7 {[%emt 0:00:29]} 24. Qf6 {[%emt 0:00:24]} Rd5 {[%emt 0:00:37]} 25. Rfe1 {[%emt 0:02:42]} Rc8 {[%emt 0:00:10]} 26. Rac1 {[%emt 0:01:39]} a5 {[%emt 0:00:25]} 27. Nf3 {[%emt 0:00:34]} Rd6 {[%emt 0:00:58]} 28. Qf4 {[%emt 0:00:55]} Rd5 {[%emt 0:00:28]} 29. Ne5 {[%emt 0:00:31]} Qa6 {[%emt 0:00:33]} 30. c4 {[%emt 0:00:12]} Rdc5 {[%emt 0:00:14]} 31. Nd7 {[%emt 0:00:43]} Rf5 {[%emt 0:00:23]} 32. Qd4 {[%emt 0:00:27]} Rg8 {[%emt 0:00:53]} 33. Nb6+ {[%emt 0:00:15]} Kb8 {[%emt 0:00:25]} 34. Re7 {[%emt 0:00:45]} Be8 {[%emt 0:00:25]} 35. Qd8+ {[%emt 0:00:19]} 1-0

[Event "Niedersachsen-ch 2020"]
[Site "Verden-Aller"]
[Date "2020.01.02"]
[Round "1.9"]
[White "Benning, Michael"]
[Black "Cevik, Dietmar"]
[Result "1/2-1/2"]
[WhiteElo "1905"]
[BlackElo "2239"]
[Annotator "ChessBase"]
[PlyCount "83"]
[EventDate "2020.01.02"]
[EventType "swiss"]
[EventCountry "GER"]
[SourceTitle "playchess.com"]
[Source "ChessBase"]
[SourceQuality "1"]
[TimeControl "40/5400+30:1800+30"]

1. d4 {[%emt 0:00:00]} d5 {[%emt 0:00:00]} 2. Bf4 {[%emt 0:00:21]} Nf6 {[%emt 0:00:00]} 3. e3 {[%emt 0:00:07]} e6 {[%emt 0:00:34]} 4. c3 {[%emt 0:04:02]} Be7 {[%emt 0:00:09]} 5. Nd2 {[%emt 0:00:18]} O-O {[%emt 0:00:45]} 6. Bd3 {[%emt 0:00:13]} b6 {[%emt 0:01:08]} 7. Qe2 {[%emt 0:02:25]} c5 {[%emt 0:00:24]} 8. Ngf3 {[%emt 0:03:16]} Bb7 {[%emt 0:02:01]} 9. Ne5 {[%emt 0:06:15]} Nc6 {[%emt 0:00:20]} 10. Bg3 {[%emt 0:06:52]} a6 {[%emt 0:01:33]} 11. f4 {[%emt 0:02:13]} b5 {[%emt 0:00:25]} 12. O-O {[%emt 0:00:55]} Qb6 {[%emt 0:05:28]} 13. Bh4 {[%emt 0:10:09]} Qc7 {[%emt 0:09:32]} 14. g4 {[%emt 0:18:47]} Nxe5 {[%emt 0:13:02]} 15. fxe5 {[%emt 0:00:11]} Ne8 {[%emt 0:00:52]} 16. Bxe7 {[%emt 0:10:04]} Qxe7 {[%emt 0:00:09]} 17. Qg2 {[%emt 0:00:03]} f6 {[%emt 0:15:55]} 18. Qh3 {[%emt 0:04:49]} g6 {[%emt 0:00:25]} 19. Qh4 {[%emt 0:04:12]} Qg7 {[%emt 0:02:27]} 20. Nf3 {[%emt 0:04:59]} fxe5 {[%emt 0:03:29]} 21. Nxe5 {[%emt 0:00:11]} Nd6 {[%emt 0:00:07]} 22. Qg3 {[%emt 0:03:53]} c4 {[%emt 0:03:24]} 23. Bc2 {[%emt 0:00:18]} Qe7 {[%emt 0:04:43]} 24. Rxf8+ {[%emt 0:03:22]} Rxf8 {[%emt 0:00:12]} 25. Rf1 {[%emt 0:00:25]} Rxf1+ {[%emt 0:00:18]} 26. Kxf1 {[%emt 0:00:09]} a5 {[%emt 0:00:16]} 27. h4 {[%emt 0:02:26]} b4 {[%emt 0:00:19]} 28. cxb4 {[%emt 0:04:21]} axb4 {[%emt 0:00:10]} 29. Nf3 {[%emt 0:00:27]} Ba6 {[%emt 0:01:27]} 30. Ke1 {[%emt 0:00:26]} c3 {[%emt 0:01:18]} 31. b3 {[%emt 0:00:59]} Bb5 {[%emt 0:00:48]} 32. Qe5 {[%emt 0:00:48]} Nf7 {[%emt 0:03:16]} 33. Qb8+ {[%emt 0:02:02]} Be8 {[%emt 0:00:37]} 34. Kf2 {[%emt 0:00:23]} Kg7 {[%emt 0:00:13]} 35. Bd3 {[%emt 0:01:55]} h6 {[%emt 0:01:24]} 36. Ke2 {[%emt 0:00:41]} Bd7 {[%emt 0:00:34]} 37. Kf2 {[%emt 0:01:27]} e5 {[%emt 0:00:11]} 38. Nxe5 {[%emt 0:00:58]} Qxh4+ {[%emt 0:00:08]} 39. Kf3 {[%emt 0:01:06]} Bxg4+ {[%emt 0:01:47]} 40. Nxg4 {[%emt 0:00:22]} Ng5+ {[%emt 0:12:46]} 41. Kf4 {[%emt 0:30:39]} Ne6+ {[%emt 0:30:30]} 42. Kf3 {[%emt 0:00:10]} 1/2-1/2

[Event "Niedersachsen-ch 2020"]
[Site "Verden-Aller"]
[Date "2020.01.02"]
[Round "1.10"]
[White "Lau, Udo"]
[Black "Gruender, Michael"]
[Result "1-0"]
[WhiteElo "2166"]
[BlackElo "1902"]
[Annotator "ChessBase"]
[PlyCount "58"]
[EventDate "2020.01.02"]
[EventType "swiss"]
[EventCountry "GER"]
[SourceTitle "playchess.com"]
[Source "ChessBase"]
[SourceQuality "1"]
[TimeControl "40/5400+30:1800+30"]

1. d4 {[%emt 0:00:00]} e6 {[%emt 0:00:00]} 2. Nf3 {[%emt 0:00:03]} Nf6 {[%emt 0:00:11]} 3. Bf4 {[%emt 0:00:58]} c5 {[%emt 0:01:14]} 4. e3 {[%emt 0:00:33]} b6 {[%emt 0:02:31]} 5. Be2 {[%emt 0:01:29]} Bb7 {[%emt 0:00:44]} 6. O-O {[%emt 0:01:26]} cxd4 {[%emt 0:02:36]} 7. exd4 {[%emt 0:00:50]} d6 {[%emt 0:00:19]} 8. Nbd2 {[%emt 0:03:01]} a6 {[%emt 0:04:24]} 9. h3 {[%emt 0:01:47]} Be7 {[%emt 0:01:28]} 10. Re1 {[%emt 0:02:09]} O-O {[%emt 0:01:57]} 11. c3 {[%emt 0:02:10]} Nbd7 {[%emt 0:03:25]} 12. a4 {[%emt 0:05:14]} Re8 {[%emt 0:04:36]} 13. Qc2 {[%emt 0:05:28]} Qc7 {[%emt 0:03:20]} 14. Rad1 {[%emt 0:02:56]} Nf8 {[%emt 0:09:46]} 15. Bh2 {[%emt 0:01:46]} Ng6 {[%emt 0:01:04]} 16. Bd3 {[%emt 0:01:49]} Rac8 {[%emt 0:05:11]} 17. Ne4 {[%emt 0:07:02]} Nd5 {[%emt 0:11:07]} 18. Qd2 {[%emt 0:02:19]} Qc6 {[%emt 0:11:18]} 19. c4 {[%emt 0:05:43]} Nf6 {[%emt 0:00:41]} 20. Nc3 {[%emt 0:07:12]} Bf8 {[%emt 0:06:28]} 21. b3 {[%emt 0:06:07]} Ba8 {[%emt 0:03:59]} 22. Rc1 {[%emt 0:04:49]} d5 {[%emt 0:05:50]} 23. Bxg6 {[%emt 0:04:15]} hxg6 {[%emt 0:00:13]} 24. cxd5 {[%emt 0:03:34]} Nxd5 {[%emt 0:00:41]} 25. Ne2 {[%emt 0:05:01]} Qb7 {[%emt 0:02:03]} 26. Rxc8 {[%emt 0:00:34]} Rxc8 {[%emt 0:00:15]} 27. Rc1 {[%emt 0:00:13]} Rxc1+ {[%emt 0:00:41]} 28. Qxc1 {[%emt 0:01:32]} Qc6 {[%emt 0:01:09]} 29. Qxc6 {[%emt 0:02:25]} Bxc6 {[%emt 0:00:23]} 1-0

[Event "Niedersachsen-ch 2020"]
[Site "Verden-Aller"]
[Date "2020.01.02"]
[Round "1.11"]
[White "Kobs, Stephan"]
[Black "Haselhorst, Nils"]
[Result "1/2-1/2"]
[WhiteElo "1962"]
[BlackElo "1586"]
[Annotator "NA"]
[PlyCount "58"]
[EventDate "2020.01.02"]
[EventType "swiss"]
[EventCountry "GER"]
[SourceTitle "playchess.com"]
[Source "ChessBase"]
[SourceQuality "1"]
[TimeControl "40/5400+30:1800+30"]

1. e4 {[%emt 0:00:00]} e5 {[%emt 0:00:00]} 2. Nf3 {[%emt 0:00:00]} Nc6 {[%emt 0:00:00]} 3. Bb5 {[%emt 0:00:19]} a6 {[%emt 0:00:06]} 4. Ba4 {[%emt 0:00:16]} Nf6 {[%emt 0:00:19]} 5. d4 {[%emt 0:00:12]} b5 {[%emt 0:11:05]} 6. Bb3 {[%emt 0:00:15]} Nxe4 {[%emt 0:01:54]} 7. dxe5 {[%emt 0:02:04]} Nc5 {[%emt 0:03:47]} 8. Bd5 {[%emt 0:00:40]} Be7 {[%emt 0:02:41]} 9. O-O {[%emt 0:06:29]} Bb7 {[%emt 0:06:53]} 10. Nc3 {[%emt 0:03:41]} O-O {[%emt 0:01:04]} 11. Re1 {[%emt 0:02:35]} d6 {[%emt 0:08:33]} 12. exd6 {[%emt 0:18:00]} Bxd6 {[%emt 0:00:59]} 13. Ng5 {[%emt 0:29:10]} h6 {[%emt 0:13:00]} 14. Nge4 {[%emt 0:11:18]} Nxe4 {[%emt 0:04:31]} 15. Nxe4 {[%emt 0:01:03]} Na5 {[%emt 0:03:32]} 16. Bxb7 {[%emt 0:04:52]} Nxb7 {[%emt 0:00:11]} 17. Nxd6 {[%emt 0:00:30]} Qxd6 {[%emt 0:05:18]} 18. Qxd6 {[%emt 0:00:28]} Nxd6 {[%emt 0:00:10]} 19. Bf4 {[%emt 0:01:02]} Rfe8 {[%emt 0:02:25]} 20. Bxd6 {[%emt 0:01:03]} cxd6 {[%emt 0:00:11]} 21. Kf1 {[%emt 0:00:35]} Kf8 {[%emt 0:00:46]} 22. Rxe8+ {[%emt 0:00:22]} Rxe8 {[%emt 0:00:39]} 23. Re1 {[%emt 0:00:12]} Rxe1+ {[%emt 0:03:20]} 24. Kxe1 {[%emt 0:00:07]} Ke7 {[%emt 0:00:16]} 25. Kd2 {[%emt 0:00:13]} Ke6 {[%emt 0:00:54]} 26. Kd3 {[%emt 0:00:20]} Kd5 {[%emt 0:01:14]} 27. b3 {[%emt 0:05:25]} f5 {[%emt 0:03:08]} 28. c3 {[%emt 0:01:37]} g5 {[%emt 0:01:19]} 29. f3 {[%emt 0:00:50]} Ke5 {Ke4+} 1/2-1/2

[Event "Niedersachsen-ch 2020"]
[Site "Verden-Aller"]
[Date "2020.01.02"]
[Round "1.12"]
[White "Busse, Lukas-Oliver"]
[Black "Roehrkasten, Reinhard"]
[Result "1/2-1/2"]
[WhiteElo "1585"]
[BlackElo "1903"]
[Annotator "NA"]
[PlyCount "113"]
[EventDate "2020.01.02"]
[EventType "swiss"]
[EventCountry "GER"]
[SourceTitle "playchess.com"]
[Source "ChessBase"]
[SourceQuality "1"]
[TimeControl "40/5400+30:1800+30"]

1. e4 {[%emt 0:00:00]} c6 {[%emt 0:00:00]} 2. d4 {[%emt 0:00:00]} d5 {[%emt 0:00:00]} 3. Nc3 {[%emt 0:00:00]} dxe4 {[%emt 0:00:00]} 4. Nxe4 {[%emt 0:00:01]} Bf5 {[%emt 0:00:04]} 5. Ng3 {[%emt 0:00:06]} Bg6 {[%emt 0:00:11]} 6. h4 {[%emt 0:00:07]} h6 {[%emt 0:00:09]} 7. Nf3 {[%emt 0:00:06]} Nd7 {[%emt 0:00:12]} 8. h5 {[%emt 0:00:07]} Bh7 {[%emt 0:00:16]} 9. Bd3 {[%emt 0:00:07]} Bxd3 {[%emt 0:00:12]} 10. Qxd3 {[%emt 0:00:07]} Ngf6 {[%emt 0:00:57]} 11. Bd2 {[%emt 0:01:42]} e6 {[%emt 0:01:09]} 12. Ne4 {[%emt 0:01:53]} Qc7 {[%emt 0:01:01]} 13. Nxf6+ {[%emt 0:00:30]} Nxf6 {[%emt 0:00:12]} 14. O-O-O {[%emt 0:00:35]} O-O-O {[%emt 0:01:06]} 15. Qe2 {[%emt 0:19:29]} Rd5 {[%emt 0:11:14]} 16. g4 {[%emt 0:11:24]} Nxg4 {[%emt 0:03:02]} 17. c4 {[%emt 0:00:21]} Rd8 {[%emt 0:00:10]} 18. Rdg1 {[%emt 0:00:48]} Nf6 {[%emt 0:00:11]} 19. Bc3 {[%emt 0:02:46]} Qf4+ {[%emt 0:01:34]} 20. Qe3 {[%emt 0:01:30]} Qxe3+ {[%emt 0:08:37]} 21. fxe3 {[%emt 0:02:38]} Kd7 {[%emt 0:00:17]} 22. Ne5+ {[%emt 0:00:28]} Ke8 {[%emt 0:00:05]} 23. c5 {[%emt 0:00:52]} Nd7 {[%emt 0:08:22]} 24. Nf3 {[%emt 0:13:42]} Rg8 {[%emt 0:10:37]} 25. Bd2 {[%emt 0:03:19]} Be7 {[%emt 0:10:38]} 26. e4 {[%emt 0:00:35]} Kf8 {[%emt 0:00:09]} 27. Bf4 {[%emt 0:00:37]} Nf6 {[%emt 0:00:32]} 28. e5 {[%emt 0:01:31]} Nd5 {[%emt 0:05:13]} 29. Bd2 {[%emt 0:05:22]} f5 {[%emt 0:02:37]} 30. Kd1 {[%emt 0:02:35]} Kf7 {[%emt 0:01:18]} 31. Ke2 {[%emt 0:03:20]} Rb8 {[%emt 0:08:42]} 32. Rb1 {[%emt 0:13:57]} Rh8 {[%emt 0:09:07]} 33. b4 {[%emt 0:00:21]} a6 {[%emt 0:00:07]} 34. a4 {[%emt 0:00:23]} b5 {[%emt 0:03:28]} 35. a5 {[%emt 0:01:09]} Rbg8 {[%emt 0:00:13]} 36. Rbg1 {[%emt 0:00:31]} g5 {[%emt 0:00:53]} 37. hxg6+ {[%emt 0:00:21]} Rxg6 {[%emt 0:00:01]} 38. Rxg6 {[%emt 0:00:34]} Kxg6 {[%emt 0:00:02]} 39. Kf2 {[%emt 0:00:29]} f4 {[%emt 0:06:05]} 40. Ne1 {[%emt 0:02:32]} h5 {[%emt 0:03:06]} 41. Nd3 {[%emt 0:31:06]} Kf5 {[%emt 0:30:08]} 42. Kf3 {[%emt 0:00:17]} Bg5 {[%emt 0:00:13]} 43. Nf2 {[%emt 0:00:49]} h4 {[%emt 0:03:59]} 44. Ne4 {[%emt 0:03:41]} Be7 {[%emt 0:00:33]} 45. Rh3 {[%emt 0:01:08]} Rg8 {[%emt 0:00:57]} 46. Nd6+ {[%emt 0:00:18]} Kg6 {[%emt 0:03:20]} 47. Rh1 {[%emt 0:00:21]} Kh5 {[%emt 0:01:40]} 48. Be1 {[%emt 0:00:19]} Rg4 {[%emt 0:00:00]} 49. Nc8 {[%emt 0:00:00]} Bd8 {[%emt 0:00:00]} 50. Nb6 {[%emt 0:00:00]} Ne7 {[%emt 0:00:00]} 51. Nd7 {[%emt 0:00:00]} Nf5 {[%emt 0:00:00]} 52. Bf2 {[%emt 0:00:00]} Rg3+ {[%emt 0:00:00]} 53. Bxg3 {[%emt 0:00:00]} fxg3 {[%emt 0:00:00]} 54. Rd1 {[%emt 0:00:00]} h3 {[%emt 0:00:00]} 55. Nf8 {[%emt 0:00:00]} h2 {[%emt 0:00:00]} 56. Nxe6 {[%emt 0:00:00]} Bg5 {[%emt 0:00:00]} 57. Ng7+ 1/2-1/2

[Event "Niedersachsen-ch 2020"]
[Site "Verden-Aller"]
[Date "2020.01.02"]
[Round "2.1"]
[White "Abel, Dennes"]
[Black "Knuedel, Torben"]
[Result "1-0"]
[WhiteElo "2463"]
[BlackElo "2185"]
[Annotator "TA"]
[PlyCount "109"]
[EventDate "2020.01.02"]
[EventType "swiss"]
[EventCountry "GER"]
[SourceTitle "playchess.com"]
[Source "ChessBase"]
[SourceQuality "1"]

{[%evp 21,109,37,97,96,102,91,88,91,131,101,154,108,102,51,77,44,45,55,54,53,46,45,146,146,154,153,153,150,153,152,152,152,167,168,163,166,168,153,166,155,246,243,268,268,268,268,280,273,319,280,540,515,563,560,1059,1009,879,800,1282,1268,12798,6250,5181,3555,29970,29971,29970,29967,29970,29972,29971,29973,29973,29974,29973,29975,29973,29975,29977,29979,29978,29979,29977,29980,29984,29985,29985,29986,29985,29986]} 1. d4 Nf6 2. Nf3 d5 3. c4 e6 4. g3 Be7 5. Bg2 O-O 6. Nc3 b6 7. cxd5 exd5 8. O-O Bb7 9. Bf4 Nbd7 10. Rc1 a6 11. Ne5 c5 (11... Re8 $14) 12. Nxd7 $16 {E18: Queen's Indian: Old Main Line (4 g3 Bb7 5 Bg2 Be7 6 0-0 0-0 7 Nc3)} (12. dxc5 Nxc5 13. Nd3 Ne6 14. Be5 Rc8 15. Bxf6 Bxf6 16. Nxd5 Rxc1 17. Nxf6+ Qxf6 18. Qxc1 Bxg2 19. Kxg2 Nd4 {1-0 (55) Mkrtchian,L (2392)-Sirotkina,N (2188) St Petersburg 2018}) 12... Qxd7 13. Na4 $1 {[%cal Ra4b6]} Qb5 14. Bc7 {White is better.} c4 $146 ({Predecessor:} 14... Bc6 15. b3 Qb4 16. a3 Qxa3 17. Nxb6 Ra7 18. Be5 Ne4 19. Bxe4 dxe4 {1-0 (39) Sanders,I (2210)-Cherepanov,V (2284) Pardubice 2013}) 15. b3 cxb3 (15... Rac8 $142 16. Bxb6 Nd7) 16. axb3 Bd8 17. e3 ({Better is} 17. Qd3 $16) 17... Rc8 18. Bxd8 Rfxd8 19. Bh3 Rc6 20. Rxc6 Qxc6 21. Qb1 Bc8 (21... Ne4 $14) 22. Rc1 Qb7 23. Bxc8 Rxc8 {[#]} 24. Nxb6 $1 {[%mdl 512]} Rc6 (24... Qxb6 25. Rxc8+) 25. Rxc6 Qxc6 26. Qf5 g6 27. Qc8+ Qxc8 28. Nxc8 $18 {[%mdl 4096] Endgame KN-KN} Kf8 29. Nd6 Ke7 {[#]} 30. Nb7 $1 Ne4 {[#]} (30... Nd7 $16 {was called for.} 31. Kf1 Nb8) 31. b4 $1 Nc3 32. Nc5 Kd6 33. Nxa6 Kc6 34. g4 f6 35. Nc5 Kb5 $2 (35... Na2 36. b5+ Kxb5) 36. Nd7 f5 37. g5 Kxb4 38. Nf6 Kc4 39. Nxh7 f4 40. Kg2 fxe3 41. fxe3 Nd1 42. Kf3 Kd3 43. Nf8 {White mates.} Nxe3 44. Nxg6 Nf5 45. Kf4 Nxd4 46. Ne5+ Kc3 47. g6 Ne6+ 48. Kf5 Ng7+ 49. Kf6 Nh5+ 50. Kg5 Ng7 51. h4 Kd4 52. Ng4 Ke4 53. h5 Ne6+ 54. Kf6 Nf4 55. h6 {Accuracy: White = 90%, Black = 32%.} 1-0

[Event "Niedersachsen-ch 2020"]
[Site "Verden-Aller"]
[Date "2020.01.02"]
[Round "2.2"]
[White "Gentemann, Moritz"]
[Black "Voege, Tobias"]
[Result "0-1"]
[WhiteElo "2185"]
[BlackElo "2310"]
[Annotator "ChessBase"]
[PlyCount "96"]
[EventDate "2020.01.02"]
[EventType "swiss"]
[EventCountry "GER"]
[SourceTitle "playchess.com"]
[Source "ChessBase"]
[SourceQuality "1"]
[TimeControl "40/5400+30:1800+30"]

1. c4 {[%emt 0:01:23]} e6 {[%emt 0:01:19]} 2. Nc3 {[%emt 0:00:20]} d5 {[%emt 0:01:57]} 3. e3 {[%emt 0:00:13]} c6 {[%emt 0:02:10]} 4. Nf3 {[%emt 0:00:14]} Bd6 {[%emt 0:00:39]} 5. b3 {[%emt 0:00:28]} Nf6 {[%emt 0:01:14]} 6. Bb2 {[%emt 0:00:13]} O-O {[%emt 0:01:01]} 7. Be2 {[%emt 0:00:12]} Nbd7 {[%emt 0:09:25]} 8. Qc2 {[%emt 0:00:21]} Re8 {[%emt 0:03:29]} 9. d4 {[%emt 0:00:32]} Nf8 {[%emt 0:03:59]} 10. O-O {[%emt 0:02:04]} Ng6 {[%emt 0:02:41]} 11. Rad1 {[%emt 0:03:50]} b6 {[%emt 0:02:02]} 12. Rfe1 {[%emt 0:01:03]} Bb7 {[%emt 0:01:06]} 13. e4 {[%emt 0:32:45]} dxe4 {[%emt 0:02:36]} 14. Nxe4 {[%emt 0:00:24]} Nxe4 {[%emt 0:01:48]} 15. Qxe4 {[%emt 0:00:04]} Qc7 {[%emt 0:00:47]} 16. Qc2 {[%emt 0:19:12]} Rad8 {[%emt 0:13:26]} 17. c5 {[%emt 0:01:41]} Be7 {[%emt 0:01:09]} 18. Bd3 {[%emt 0:03:40]} Rd5 {[%emt 0:05:14]} 19. b4 {[%emt 0:01:53]} Rh5 {[%emt 0:03:46]} 20. g3 {[%emt 0:03:36]} Rd8 {[%emt 0:06:29]} 21. Ne5 {[%emt 0:08:35]} Nxe5 {[%emt 0:10:17]} 22. dxe5 {[%emt 0:00:14]} bxc5 {[%emt 0:00:53]} 23. bxc5 {[%emt 0:00:23]} Rd5 {[%emt 0:01:14]} 24. Be4 {[%emt 0:05:39]} Rxc5 {[%emt 0:04:59]} 25. Qe2 {[%emt 0:02:17]} g6 {[%emt 0:02:51]} 26. f4 {[%emt 0:01:04]} Rb5 {[%emt 0:01:27]} 27. Bd4 {[%emt 0:00:31]} Bb4 {[%emt 0:02:36]} 28. Rc1 {[%emt 0:05:27]} Bxe1 {[%emt 0:02:03]} 29. Rxe1 {[%emt 0:05:18]} Qa5 {[%emt 0:01:22]} 30. Bf2 {[%emt 0:00:35]} Qc3 {[%emt 0:03:40]} 31. Qd1 {[%emt 0:00:38]} Qa5 {[%emt 0:02:28]} 32. h4 {[%emt 0:00:30]} c5 {[%emt 0:01:17]} 33. Bxb7 {[%emt 0:00:20]} Rxb7 {[%emt 0:00:04]} 34. Qf3 {[%emt 0:00:44]} Rd7 {[%emt 0:01:10]} 35. Qc6 {[%emt 0:00:29]} Qc7 {[%emt 0:01:24]} 36. Qxc5 {[%emt 0:00:28]} Qxc5 {[%emt 0:00:27]} 37. Bxc5 {[%emt 0:00:01]} f6 {[%emt 0:00:13]} 38. Bd6 {[%emt 0:00:59]} fxe5 {[%emt 0:01:13]} 39. Bxe5 {[%emt 0:00:12]} Rf5 {[%emt 0:00:13]} 40. Re2 {[%emt 0:00:55]} Rf8 {[%emt 0:00:20]} 41. Kf2 {[%emt 0:05:48]} Rfd8 {[%emt 0:03:51]} 42. Bf6 {[%emt 0:00:12]} Rc8 {[%emt 0:00:18]} 43. Rxe6 {[%emt 0:02:51]} Rc2+ {[%emt 0:00:36]} 44. Kf3 {[%emt 0:01:45]} Rxa2 {[%emt 0:01:31]} 45. Kg4 {[%emt 0:00:54]} Ra3 {[%emt 0:06:03]} 46. Re4 {[%emt 0:16:19]} h5+ {[%emt 0:01:24]} 47. Kh3 {[%emt 0:00:36]} Rdd3 {[%emt 0:00:25]} 48. Kh2 {[%emt 0:02:23]} Ra2+ {[%emt 0:00:35]} 0-1

[Event "Niedersachsen-ch 2020"]
[Site "Verden-Aller"]
[Date "2020.01.02"]
[Round "2.3"]
[White "Schulze, Torben"]
[Black "Hartogh, Christian"]
[Result "1-0"]
[WhiteElo "2266"]
[BlackElo "2075"]
[Annotator "NA"]
[PlyCount "77"]
[EventDate "2020.01.02"]
[EventType "swiss"]
[EventCountry "GER"]
[SourceTitle "playchess.com"]
[Source "ChessBase"]
[SourceQuality "1"]
[TimeControl "40/5400+30:1800+30"]

1. e4 {[%emt 0:00:00]} c5 {[%emt 0:00:00]} 2. g3 {[%emt 0:00:04]} d5 {[%emt 0:00:41]} 3. exd5 {[%emt 0:00:02]} Qxd5 {[%emt 0:00:08]} 4. Nf3 {[%emt 0:00:03]} Bg4 {[%emt 0:00:30]} 5. Bg2 {[%emt 0:00:02]} Qe6+ {[%emt 0:01:12]} 6. Kf1 {[%emt 0:00:01]} Nc6 {[%emt 0:01:08]} 7. h3 {[%emt 0:00:02]} Bh5 {[%emt 0:00:41]} 8. Nc3 {[%emt 0:00:41]} Nf6 {[%emt 0:01:24]} 9. d3 {[%emt 0:00:05]} Qd7 {[%emt 0:01:31]} 10. Bf4 {[%emt 0:02:24]} e6 {[%emt 0:04:45]} 11. g4 {[%emt 0:02:36]} Bg6 {[%emt 0:01:40]} 12. Ne5 {[%emt 0:00:10]} Nxe5 {[%emt 0:00:21]} 13. Bxe5 {[%emt 0:00:02]} O-O-O {[%emt 0:17:52]} 14. Qf3 {[%emt 0:10:59]} Nd5 {[%emt 0:04:51]} 15. a4 {[%emt 0:04:07]} f6 {[%emt 0:03:36]} 16. Bg3 $15 {[%emt 0:03:01]} Nxc3 {[%emt 0:02:49]} 17. bxc3 {[%emt 0:00:14]} e5 {[%emt 0:13:14]} 18. Rb1 {[%emt 0:10:23]} e4 {[%emt 0:00:43]} 19. dxe4 {[%emt 0:06:21]} Bf7 {[%emt 0:01:01]} 20. e5 {[%emt 0:09:18]} Bd5 {[%emt 0:01:28]} 21. Qxd5 {[%emt 0:01:31]} Qxd5 {[%emt 0:00:05]} 22. Bxd5 {[%emt 0:00:02]} Rxd5 {[%emt 0:00:08]} 23. Ke2 {[%emt 0:16:35]} Be7 {[%emt 0:03:30]} 24. Rhd1 {[%emt 0:00:59]} Rxd1 {[%emt 0:02:11]} 25. Rxd1 {[%emt 0:00:02]} Re8 {[%emt 0:00:30]} 26. Rd5 {[%emt 0:01:25]} b6 {[%emt 0:01:43]} 27. Kd3 {[%emt 0:02:56]} Bd8 {[%emt 0:02:03]} 28. exf6 {[%emt 0:10:20]} Bxf6 {[%emt 0:00:29]} 29. g5 {[%emt 0:00:45]} Bd8 {[%emt 0:00:20]} 30. Be5 {[%emt 0:03:24]} g6 {[%emt 0:05:17]} 31. f4 {[%emt 0:00:59]} Bc7 {[%emt 0:01:34]} 32. Ke4 {[%emt 0:02:15]} Re7 {[%emt 0:00:35]} 33. h4 {[%emt 0:02:29]} Bxe5 {[%emt 0:01:14]} 34. fxe5 {[%emt 0:00:24]} Kc7 {[%emt 0:00:48]} 35. Rd6 {[%emt 0:00:48]} Rf7 {[%emt 0:01:22]} 36. Rf6 {[%emt 0:00:42]} Re7 {[%emt 0:00:48]} 37. Kd5 {[%emt 0:03:30]} Kd7 {[%emt 0:01:05]} 38. Rf8 {[%emt 0:00:59]} Kc7 {[%emt 0:00:34]} 39. e6 {[%emt 0:00:19]} 1-0